[Event "CAN-op"]
[Site "Edmonton CAN"]
[Date "2005.07.12"]
[Round "5"]
[White "Yoos, John"]
[Black "Klein, Felix"]
[Result "1/2-1/2"]
[WhiteElo "2442"]
[BlackElo "2123"]
[PlyCount "98"]
[GameId "2160767910901731"]
[EventDate "2005.07.09"]
[EventType "swiss"]
[EventRounds "10"]
[EventCountry "CAN"]
[SourceTitle "CBM 107 Extra"]
[Source "ChessBase"]
[SourceDate "2005.09.01"]
[SourceVersion "1"]
[SourceVersionDate "2005.09.01"]
[SourceQuality "1"]

1. e4 e6 2. d4 d5 3. e5 c5 4. c3 Qb6 5. Nf3 Bd7 6. a3 a5 7. b3 Nc6 8. Be2 Rc8 9. O-O cxd4 10. cxd4 Na7 11. a4 Bb4 12. Na3 Ne7 13. Rb1 Nec6 14. Qd3 Be7 15. Nc2 Nb4 16. Nxb4 Bxb4 17. Bb2 Nc6 18. Rfc1 Be7 19. Bc3 O-O 20. Bd1 Nb4 21. Bxb4 Qxb4 22. Bc2 g6 23. Bd1 b5 24. h4 Rxc1 25. Rxc1 bxa4 26. bxa4 Qa3 27. Qd2 Bxa4 28. Bxa4 Qxa4 29. Qh6 Qd7 30. h5 Rc8 31. Ra1 a4 32. g3 a3 33. Kg2 Ra8 34. Nh2 Qa4 35. hxg6 fxg6 36. Rh1 Bf8 37. Qh3 Qxd4 38. Qxe6+ Kh8 39. Nf3 Qe4 40. Rh4 Qxh4 41. gxh4 a2 42. Ng5 a1=Q 43. Qf6+ Bg7 44. Nf7+ Kg8 45. Qe6 h6 46. h5 Qb1 47. Ng5+ Kh8 48. hxg6 hxg5 49. Qh3+ Kg8 1/2-1/2

[Event "CAN-op"]
[Site "Edmonton CAN"]
[Date "2005.07.12"]
[Round "5"]
[White "Yuan, Michael"]
[Black "Roy Chowdhury, Saptarshi"]
[Result "0-1"]
[WhiteElo "2119"]
[BlackElo "2421"]
[PlyCount "44"]
[GameId "2160767910901732"]
[EventDate "2005.07.09"]
[EventType "swiss"]
[EventRounds "10"]
[EventCountry "CAN"]
[SourceTitle "CBM 107 Extra"]
[Source "ChessBase"]
[SourceDate "2005.09.01"]
[SourceVersion "1"]
[SourceVersionDate "2005.09.01"]
[SourceQuality "1"]

1. e4 c5 2. Nc3 Nc6 3. f4 g6 4. Nf3 Bg7 5. Bb5 Nd4 6. O-O e6 7. e5 a6 8. Bd3 Nxf3+ 9. Qxf3 d5 10. exd6 Qxd6 11. b3 Nf6 12. Ba3 O-O 13. Na4 Nd7 14. Bb2 Bxb2 15. Nxb2 Qd4+ 16. Qe3 Qxb2 17. c3 Qa3 18. Rf3 c4 19. Bxc4 Qd6 20. Rh3 b5 21. f5 exf5 22. Qh6 Nf6 0-1

[Event "CAN-op"]
[Site "Edmonton CAN"]
[Date "2005.07.12"]
[Round "5.56"]
[White "Beebe, Greg"]
[Black "Kuczaj, Chris"]
[Result "0-1"]
[WhiteElo "1637"]
[BlackElo "1904"]
[PlyCount "64"]
[GameId "2160767910901733"]
[EventDate "2005.07.09"]
[EventType "swiss"]
[EventRounds "10"]
[EventCountry "CAN"]

1. c4 c5 2. g3 g6 3. Bg2 Bg7 4. Nf3 Nc6 5. Nc3 d6 6. O-O Nh6 7. d3 O-O 8. Rb1 Bd7 9. Bd2 Qc8 10. Qc1 Nf5 11. Re1 a5 12. a3 Re8 13. Nb5 Nfd4 14. Nfxd4 cxd4 15. Bh6 Bh8 16. e3 Ne5 17. Qc2 Bxb5 18. exd4 Ng4 19. Bh3 Bd7 20. Bg5 Bxd4 21. Bxg4 Bxg4 22. Re4 Bf6 23. Bxf6 exf6 24. Rd4 Qc6 25. Rxg4 h5 26. Rh4 g5 27. Rxh5 Qf3 28. Rxg5+ fxg5 29. Qd2 f6 30. Re1 Kf7 31. Rxe8 Rxe8 32. Qxa5 Re2 0-1

[Event "CAN-op"]
[Site "Edmonton CAN"]
[Date "2005.07.12"]
[Round "5.57"]
[White "MacLeod, Damon"]
[Black "Tomaras, Pavlos"]
[Result "0-1"]
[WhiteElo "1601"]
[BlackElo "1886"]
[PlyCount "46"]
[GameId "2160767910901734"]
[EventDate "2005.07.09"]
[EventType "swiss"]
[EventRounds "10"]
[EventCountry "CAN"]

1. e4 e5 2. Nf3 f5 3. Nxe5 Nf6 4. d4 fxe4 5. Nc3 d6 6. Nc4 Be7 7. Bg5 O-O 8. Ne3 Nbd7 9. Bc4+ Kh8 10. Be6 c6 11. h4 d5 12. Ne2 Nb6 13. Nf4 Na4 14. h5 Qa5+ 15. Kf1 Bxe6 16. Nxe6 Rf7 17. h6 g6 18. b3 Nc3 19. Qe1 c5 20. dxc5 Qa6+ 21. Nc4 Qxe6 22. Nd6 Bxd6 23. Qxc3 Be5 0-1

[Event "CAN-op"]
[Site "Edmonton CAN"]
[Date "2005.07.12"]
[Round "5.58"]
[White "Peterson, Curtis"]
[Black "Longo, Tyler"]
[Result "0-1"]
[WhiteElo "1884"]
[BlackElo "1733"]
[PlyCount "59"]
[GameId "2160767910901735"]
[EventDate "2005.07.09"]
[EventType "swiss"]
[EventRounds "10"]
[EventCountry "CAN"]

1. b3 Nf6 2. Bb2 d5 3. e3 g6 4. f4 Bg7 5. Nf3 c5 6. Be2 Nc6 7. O-O O-O 8. Na3 Re8 9. Qe1 a6 10. Qh4 b5 11. d3 Ng4 12. Bxg7 Kxg7 13. Ng5 h5 14. f5 Nxe3 15. fxg6 Nf5 16. Rxf5 Bxf5 17. Nxf7 Qd7 18. Qg5 Bxg6 19. Qh6+ Kxf7 20. Rf1+ Ke6 21. Qxg6+ Ke5 22. Bxh5 Rg8 23. d4+ Kxd4 24. Rd1+ Kc3 25. Qd3+ Kb2 26. c3 b4 27. Qc2+ Kxa3 28. c4 Qh3 29. Rd2 Qe3+ 30. Kh1 0-1

[Event "CAN-op"]
[Site "Edmonton CAN"]
[Date "2005.07.12"]
[Round "5.60"]
[White "Lynn, Jim"]
[Black "Blum, Roger"]
[Result "1/2-1/2"]
[WhiteElo "1871"]
[BlackElo "1618"]
[PlyCount "108"]
[GameId "2160767910901736"]
[EventDate "2005.07.09"]
[EventType "swiss"]
[EventRounds "10"]
[EventCountry "CAN"]

1. a3 Nf6 2. Nf3 g6 3. g3 Bg7 4. Bg2 O-O 5. O-O d6 6. d4 Nbd7 7. Bg5 h6 8. Bxf6 Nxf6 9. c3 c6 10. Nbd2 Be6 11. e4 Qc8 12. h4 Bh3 13. Nh2 Bxg2 14. Kxg2 c5 15. e5 Nd7 16. f4 Qc6+ 17. Qf3 Qb5 18. b4 cxb4 19. axb4 b6 20. Rfb1 d5 21. Rb3 Rfc8 22. Rba3 Rc7 23. Re1 e6 24. Rea1 a5 25. bxa5 Rxa5 26. Rb3 Qa6 27. Rab1 Ra2 28. Nhf1 Rc2 29. R1b2 R7xc3 30. Qxc3 Rxc3 31. Rxc3 g5 32. hxg5 hxg5 33. fxg5 Qe2+ 34. Kg1 Qg4 35. Nf3 Kh7 36. Kg2 Qe4 37. Re3 Qg4 38. Rc2 Qf5 39. Rc7 Nf8 40. Rb3 Qe4 41. Rxf7 Qe2+ 42. Kg1 Kg6 43. Rb7 Nh7 44. Nh4+ Kxg5 45. Rxg7+ Kh6 46. Rg6+ Kh5 47. Rxb6 Ng5 48. Rxg5+ Kxg5 49. Rxe6 Qe4 50. Kh2 Qe2+ 51. Kg1 Qe4 52. Rg6+ Kh5 53. Kh2 Qe2+ 54. Kg1 Qe4 1/2-1/2

[Event "CAN-op"]
[Site "Edmonton CAN"]
[Date "2005.07.12"]
[Round "5.61"]
[White "Sorgard, Graham"]
[Black "Camphaug, Lincoln"]
[Result "1-0"]
[WhiteElo "1870"]
[BlackElo "1602"]
[PlyCount "113"]
[GameId "2160767910901737"]
[EventDate "2005.07.09"]
[EventType "swiss"]
[EventRounds "10"]
[EventCountry "CAN"]

1. e4 e5 2. Nf3 Nc6 3. Bb5 a6 4. Ba4 Nf6 5. O-O Be7 6. Re1 b5 7. Bb3 O-O 8. a4 b4 9. c3 d5 10. exd5 Nxd5 11. d4 exd4 12. Nxd4 Nxd4 13. Qxd4 c6 14. Be3 Bd6 15. Nd2 Re8 16. Bxd5 cxd5 17. Nf3 Re4 18. Qd3 Bg4 19. Bg5 Qd7 20. Nd4 Bh5 21. f3 bxc3 22. bxc3 Rxe1+ 23. Rxe1 Qxa4 24. Nf5 Bc5+ 25. Kh1 Re8 26. Be7 Bxe7 27. Nxe7+ Kf8 28. Nxd5 Qd7 29. Rxe8+ Kxe8 30. Qe3+ Kf8 31. Qe5 Qe8 32. Qd6+ Kg8 33. h3 f6 34. Nc7 Qe1+ 35. Kh2 Qe5+ 36. Qxe5 fxe5 37. Nxa6 Bf7 38. Kg3 Be6 39. Kf2 Kf7 40. Ke3 Bc4 41. Nc5 Bf1 42. Kf2 Bc4 43. g3 Bd5 44. Ke3 Kf6 45. Ne4+ Ke7 46. f4 exf4+ 47. Kxf4 Bf7 48. Ke5 Be6 49. h4 h5 50. Nd6 g6 51. c4 Bh3 52. c5 Bd7 53. Ne4 Bc6 54. Nf6 Bg2 55. Nd5+ Kf7 56. Kd6 Bh3 57. c6 1-0

[Event "CAN-op"]
[Site "Edmonton CAN"]
[Date "2005.07.12"]
[Round "5.62"]
[White "Achtemichuk, Chris"]
[Black "Erickson, John"]
[Result "0-1"]
[WhiteElo "1514"]
[BlackElo "1904"]
[PlyCount "111"]
[GameId "2160767910901738"]
[EventDate "2005.07.09"]
[EventType "swiss"]
[EventRounds "10"]
[EventCountry "CAN"]

1. e4 d6 2. d4 g6 3. f4 Bg7 4. Be3 Nf6 5. Nc3 c6 6. Nf3 Nbd7 7. h3 Qa5 8. Bd3 b5 9. Qd2 Bb7 10. Ne2 Qxd2+ 11. Bxd2 a6 12. a4 O-O 13. g4 c5 14. Ng3 c4 15. Be2 Nxe4 16. Nxe4 Bxe4 17. c3 Nb6 18. axb5 axb5 19. Kf2 Bb7 20. Ra3 e5 21. dxe5 dxe5 22. Rha1 Na4 23. Nxe5 Bxe5 24. fxe5 Rfe8 25. b3 cxb3 26. Rxb3 Rxe5 27. Bxb5 Nc5 28. Rxa8+ Bxa8 29. Rb2 Kg7 30. Be3 Ne4+ 31. Kg1 Re7 32. Bd4+ f6 33. Re2 g5 34. Bd3 Kf7 35. Bc4+ Kg7 36. Bd3 Bd5 37. Bxe4 Bxe4 38. Kf2 Kg6 39. Ke1 Re6 40. Kf2 f5 41. gxf5+ Kxf5 42. Kg3 h5 43. Rf2+ Kg6 44. Rb2 h4+ 45. Kh2 Ra6 46. Rb6+ Rxb6 47. Bxb6 Kf5 48. Bc7 Bd3 49. Kg1 Bc4 50. Kf2 Bd5 51. Ke3 Bg2 52. c4 Bxh3 53. c5 Bf1 54. Bd8 h3 55. c6 h2 56. c7 0-1

[Event "CAN-op"]
[Site "Edmonton CAN"]
[Date "2005.07.12"]
[Round "5.64"]
[White "Hyseni, Astrit"]
[Black "Chi, Megan"]
[Result "1-0"]
[WhiteElo "1805"]
[BlackElo "1502"]
[PlyCount "89"]
[GameId "2160767910901739"]
[EventDate "2005.07.09"]
[EventType "swiss"]
[EventRounds "10"]
[EventCountry "CAN"]

1. d4 d5 2. c4 e6 3. e3 Nf6 4. Nc3 Be7 5. Bd3 Nbd7 6. Nf3 dxc4 7. Bxc4 b6 8. a3 Bb7 9. O-O O-O 10. d5 exd5 11. Nxd5 c5 12. b3 Re8 13. Re1 Ne4 14. Bb2 Ndf6 15. Nxf6+ Bxf6 16. Bxf6 Qxf6 17. Qd7 Re7 18. Qh3 Rd8 19. Rad1 Rc7 20. Rxd8+ Qxd8 21. Qf5 Qd7 22. Qxd7 Rxd7 23. Ne5 Re7 24. Rd1 g6 25. Bxf7+ Kg7 26. f4 Nc3 27. Rd3 Nb5 28. a4 Nc7 29. Bc4 Kf6 30. Rd7 Rxd7 31. Nxd7+ Kf5 32. Kf2 Nd5 33. h3 Ke4 34. a5 bxa5 35. Nxc5+ Kf5 36. g4+ Kf6 37. Nxb7 Nb6 38. Nxa5 Nxc4 39. bxc4 Ke6 40. c5 Kd7 41. c6+ Kc7 42. e4 Kb6 43. e5 Kc7 44. f5 gxf5 45. gxf5 1-0

[Event "CAN-op"]
[Site "Edmonton CAN"]
[Date "2005.07.12"]
[Round "5.67"]
[White "Keep, Richard"]
[Black "Culjaga, Marko"]
[Result "1/2-1/2"]
[WhiteElo "1777"]
[BlackElo "1435"]
[PlyCount "38"]
[GameId "2160767910901741"]
[EventDate "2005.07.09"]
[EventType "swiss"]
[EventRounds "10"]
[EventCountry "CAN"]

1. e4 e5 2. Bc4 Nf6 3. Nf3 Nc6 4. Nc3 h6 5. d3 Bc5 6. Be3 d6 7. Qd2 O-O 8. O-O-O Bg4 9. h3 Bxf3 10. gxf3 Bxe3 11. fxe3 Na5 12. Bb3 Nxb3+ 13. axb3 c6 14. f4 Qa5 15. Rhg1 b5 16. Qg2 g6 17. h4 Qb6 18. Qf3 b4 19. Nb1 Kh7 1/2-1/2

[Event "CAN-op"]
[Site "Edmonton CAN"]
[Date "2005.07.12"]
[Round "5.68"]
[White "Hagan, Jeff"]
[Black "Fokkema, Jerred"]
[Result "0-1"]
[WhiteElo "1538"]
[BlackElo "1773"]
[PlyCount "104"]
[GameId "2160767910901742"]
[EventDate "2005.07.09"]
[EventType "swiss"]
[EventRounds "10"]
[EventCountry "CAN"]

1. d4 Nf6 2. c4 d5 3. Bf4 e6 4. Nf3 c5 5. dxc5 Bxc5 6. cxd5 Nxd5 7. Be5 O-O 8. Qc2 b6 9. Bxb8 Rxb8 10. a3 Qc7 11. e3 h6 12. Be2 Bb4+ 13. Nc3 Bxc3+ 14. bxc3 Qxc3+ 15. Qxc3 Nxc3 16. Nd4 Nxe2 17. Nxe2 Ba6 18. Ra2 Bxe2 19. Kxe2 Rfd8 20. Rc1 Rbc8 21. Rac2 Rxc2+ 22. Rxc2 Rd7 23. h4 Kf8 24. a4 Ke7 25. Rc6 Kd8 26. Rc2 Rc7 27. Rd2+ Kc8 28. g3 Rd7 29. Rc2+ Kb7 30. Rb2 Ka6 31. Rc2 Ka5 32. Rc4 b5 33. axb5 Kxb5 34. Rc8 a5 35. h5 a4 36. Rb8+ Ka6 37. Ra8+ Ra7 38. Rd8 Rb7 39. Rd2 a3 40. Rd3 Rb2+ 41. Kf3 a2 42. Ra3+ Kb5 43. Ra8 Kb4 44. Rb8+ Kc3 45. Ra8 Kc2 46. Kf4 Kb1 47. f3 a1=Q 48. Rxa1+ Kxa1 49. e4 Rb5 50. g4 Kb2 51. e5 Kc3 52. Ke4 Kd2 0-1

[Event "CAN-op"]
[Site "Edmonton CAN"]
[Date "2005.07.12"]
[Round "5.69"]
[White "Blackwell, Ross"]
[Black "Schulz, Waldemar"]
[Result "0-1"]
[WhiteElo "1476"]
[BlackElo "2056"]
[PlyCount "45"]
[GameId "2160767910901743"]
[EventDate "2005.07.09"]
[EventType "swiss"]
[EventRounds "10"]
[EventCountry "CAN"]

1. d4 d5 2. c4 e6 3. cxd5 exd5 4. Bf4 Nf6 5. e3 c6 6. Nc3 Bd6 7. Bxd6 Qxd6 8. h3 O-O 9. Bd3 Re8 10. Nf3 Nbd7 11. Rc1 Ne4 12. O-O Ndf6 13. Bb1 h6 14. Nxe4 Nxe4 15. a3 Qf6 16. Nh2 Qg5 17. Kh1 Qh4 18. Nf3 Nxf2+ 19. Rxf2 Qxf2 20. Qd3 Re4 21. Rd1 Bxh3 22. Qe2 Bxg2+ 23. Kh2 0-1

[Event "CAN-op"]
[Site "Edmonton CAN"]
[Date "2005.07.12"]
[Round "5.70"]
[White "Fairbairn, Stephen"]
[Black "Wihnon, Jason"]
[Result "1-0"]
[WhiteElo "2022"]
[BlackElo "1723"]
[PlyCount "67"]
[GameId "2160767910901744"]
[EventDate "2005.07.09"]
[EventType "swiss"]
[EventRounds "10"]
[EventCountry "CAN"]

1. c4 Nf6 2. Nc3 d5 3. cxd5 Nxd5 4. e4 Nxc3 5. bxc3 g6 6. d4 Bg7 7. Be3 c5 8. Qd2 Qa5 9. Rb1 cxd4 10. cxd4 Qxd2+ 11. Kxd2 O-O 12. Nf3 Rd8 13. Bd3 b6 14. Ke2 Ba6 15. Bxa6 Nxa6 16. Rhc1 Rac8 17. a4 Nb8 18. d5 Nd7 19. Nd4 Bxd4 20. Bxd4 f6 21. f4 Kf7 22. Kd3 e5 23. fxe5 fxe5 24. Be3 a6 25. Rxc8 Rxc8 26. Bxb6 Rb8 27. a5 Nc5+ 28. Ke3 Na4 29. Rb4 Nc3 30. Rc4 Nb5 31. Rc6 Ke7 32. Re6+ Kd7 33. Rxe5 Nd6 34. Re6 1-0

[Event "CAN-op"]
[Site "Edmonton CAN"]
[Date "2005.07.12"]
[Round "5.71"]
[White "Tomaras, Ioannis"]
[Black "Wong, Wylon"]
[Result "0-1"]
[WhiteElo "1680"]
[BlackElo "1894"]
[PlyCount "64"]
[GameId "2160767910901745"]
[EventDate "2005.07.09"]
[EventType "swiss"]
[EventRounds "10"]
[EventCountry "CAN"]

1. e4 d6 2. d4 Nf6 3. Nc3 c6 4. f4 Qa5 5. Bd3 e5 6. dxe5 dxe5 7. Nf3 Bg4 8. h3 Bxf3 9. Qxf3 Nbd7 10. Be3 Bd6 11. f5 b5 12. O-O Qc7 13. Rad1 Nb6 14. Bxb5 cxb5 15. Nxb5 Qxc2 16. Nxd6+ Ke7 17. Rf2 Qc6 18. b4 Na4 19. b5 Qc7 20. Bc1 Qc3 21. Qe2 Rhd8 22. Rf3 Qc5+ 23. Be3 Qc7 24. Bc1 Rxd6 25. Ba3 Rad8 26. Bxd6+ Rxd6 27. Rxd6 Qxd6 28. Rd3 Qb6+ 29. Kh1 Qxb5 30. Qc2 Nc5 31. Rc3 Nfxe4 32. Qc1 Nxc3 0-1

[Event "CAN-op"]
[Site "Edmonton CAN"]
[Date "2005.07.12"]
[Round "5.72"]
[White "Pradzinski, Tim"]
[Black "Oberton, Daniel"]
[Result "0-1"]
[WhiteElo "1894"]
[BlackElo "1656"]
[PlyCount "106"]
[GameId "2160767910901746"]
[EventDate "2005.07.09"]
[EventType "swiss"]
[EventRounds "10"]
[EventCountry "CAN"]

1. e4 c5 2. Nf3 d6 3. d4 cxd4 4. Nxd4 Nf6 5. Nc3 g6 6. Bd3 Bg7 7. Be3 Nc6 8. Nxc6 bxc6 9. O-O O-O 10. Qd2 Bd7 11. Rfd1 Re8 12. Bc4 c5 13. f4 Bg4 14. Be2 Rb8 15. Rab1 Qc7 16. h3 Bxe2 17. Qxe2 Rb7 18. Bc1 Nd7 19. Nd5 Qc6 20. b4 cxb4 21. Kh1 a5 22. f5 e6 23. fxg6 hxg6 24. Nf4 Nc5 25. Re1 Na4 26. Bd2 Qxc2 27. Qa6 Nc5 28. Qxd6 Rd7 29. Qc6 Red8 30. Be3 Bd4 31. Bxd4 Rxd4 32. Rbc1 Qd2 33. Nxg6 Nd3 34. Ne7+ Kg7 35. Rf1 Nxc1 36. Nf5+ exf5 37. Rxf5 Qe1+ 38. Kh2 Qh4 39. Qc7 R8d7 40. Qe5+ f6 41. Qe6 Nxa2 42. Rf3 R4d6 43. Qe8 b3 44. Rxb3 Rd3 45. Rxd3 Rxd3 46. Qe7+ Kh6 47. Qf8+ Kg5 48. Qg7+ Kf4 49. Qc7+ Ke3 50. Qc5+ Kd2 51. Qxa5+ Nc3 52. Qb6 Qg3+ 53. Kh1 Kc2 0-1

[Event "CAN-op"]
[Site "Edmonton CAN"]
[Date "2005.07.12"]
[Round "5.73"]
[White "Mrugala, David"]
[Black "Escandor, Manuel Omana"]
[Result "1-0"]
[WhiteElo "1627"]
[BlackElo "1787"]
[PlyCount "75"]
[GameId "2160767910901747"]
[EventDate "2005.07.09"]
[EventType "swiss"]
[EventRounds "10"]
[EventCountry "CAN"]

1. d4 d5 2. c4 e6 3. Nc3 Be7 4. Nf3 Nc6 5. Bf4 a6 6. e3 Nf6 7. Be2 Nh5 8. Bg3 Nxg3 9. hxg3 Bb4 10. Qc2 h6 11. a3 Bxc3+ 12. Qxc3 Bd7 13. Qc2 Ne7 14. g4 f6 15. g5 fxg5 16. Nxg5 g6 17. Nf3 Kf8 18. Ne5 Be8 19. Bd3 Kg7 20. Rh3 dxc4 21. Qxc4 Nd5 22. Qc2 g5 23. Bg6 Rc8 24. Rf3 Rf8 25. Bxe8 Qxe8 26. Rxf8 Kxf8 27. Qh7 Ne7 28. Qxh6+ Kg8 29. Qxg5+ Kh7 30. Kd2 Ng6 31. Nxg6 Qxg6 32. Rh1+ Kg7 33. Qe5+ Kf7 34. Rh3 Qb1 35. Rf3+ Ke7 36. Qc5+ Ke8 37. Qf8+ Kd7 38. Rf7+ 1-0

[Event "CAN-op"]
[Site "Edmonton CAN"]
[Date "2005.07.12"]
[Round "5.74"]
[White "Long, Hugh"]
[Black "Robertson, Trevor"]
[Result "1-0"]
[WhiteElo "1780"]
[BlackElo "1597"]
[PlyCount "49"]
[GameId "2160767910901748"]
[EventDate "2005.07.09"]
[EventType "swiss"]
[EventRounds "10"]
[EventCountry "CAN"]

1. d4 d5 2. c4 e6 3. Nc3 Nf6 4. Nf3 Bb4 5. a3 Bxc3+ 6. bxc3 dxc4 7. Bg5 h6 8. Bh4 g5 9. Nxg5 hxg5 10. Bxg5 Rh5 11. h4 Ke7 12. e4 Qh8 13. Bxf6+ Qxf6 14. Qxh5 b6 15. Rh3 Ke8 16. Rg3 Nd7 17. e5 Qe7 18. Bxc4 Bb7 19. Rg8+ Nf8 20. f4 Kd7 21. f5 Re8 22. f6 Qd8 23. Rg7 Kc8 24. Qxf7 Kb8 25. Bb5 1-0

[Event "CAN-op"]
[Site "Edmonton CAN"]
[Date "2005.07.12"]
[Round "5.75"]
[White "Conner, Kris"]
[Black "Purewal, Pal"]
[Result "1-0"]
[WhiteElo "1586"]
[BlackElo "1774"]
[PlyCount "43"]
[GameId "2160767910901749"]
[EventDate "2005.07.09"]
[EventType "swiss"]
[EventRounds "10"]
[EventCountry "CAN"]

1. e4 c5 2. Nf3 Nc6 3. d4 cxd4 4. Nxd4 e6 5. Nc3 a6 6. Be3 Bb4 7. Bd3 Nge7 8. Qg4 Ng6 9. h4 Qa5 10. Nde2 Nce5 11. Qg3 Bd6 12. f4 Nxd3+ 13. cxd3 Bf8 14. O-O-O d6 15. d4 b5 16. f5 exf5 17. Nd5 Be6 18. h5 Bxd5 19. exd5 f4 20. Nxf4 Nxf4 21. Bxf4 O-O-O 22. Kb1 1-0

[Event "CAN-op"]
[Site "Edmonton CAN"]
[Date "2005.07.12"]
[Round "5.77"]
[White "Davidson, Brian"]
[Black "Baser, Arthur"]
[Result "1/2-1/2"]
[WhiteElo "1758"]
[BlackElo "1560"]
[PlyCount "74"]
[GameId "2160767910901750"]
[EventDate "2005.07.09"]
[EventType "swiss"]
[EventRounds "10"]
[EventCountry "CAN"]

1. d4 f5 2. c4 Nf6 3. Nc3 e6 4. Nf3 d5 5. Bf4 c6 6. e3 Bd6 7. Bxd6 Qxd6 8. c5 Qe7 9. Be2 O-O 10. O-O Nbd7 11. Qc2 Ne4 12. Nd2 Ndf6 13. Ncxe4 Nxe4 14. f3 Ng5 15. e4 f4 16. e5 Nf7 17. Bd3 Qh4 18. Nb3 Ng5 19. Qf2 Qh6 20. Nc1 Bd7 21. Ne2 Be8 22. b4 Bg6 23. Bxg6 Qxg6 24. Qh4 Rf5 25. Kh1 Raf8 26. a4 h6 27. Rab1 Nh7 28. Rb3 Qe8 29. Rfb1 Rh5 30. Qg4 Rg5 31. Qh4 Rh5 32. Qg4 g5 33. g3 fxg3 34. Qxg3 Qg6 35. b5 Qc2 36. R1b2 Qf5 37. bxc6 bxc6 1/2-1/2

[Event "CAN-op"]
[Site "Edmonton CAN"]
[Date "2005.07.12"]
[Round "5.78"]
[White "Cannon, Farley"]
[Black "Reuter, Gerhard"]
[Result "1-0"]
[WhiteElo "1432"]
[BlackElo "1749"]
[PlyCount "87"]
[GameId "2160767910901751"]
[EventDate "2005.07.09"]
[EventType "swiss"]
[EventRounds "10"]
[EventCountry "CAN"]

1. e4 e5 2. Nf3 Nc6 3. Bc4 Nf6 4. d4 exd4 5. O-O Be7 6. Nxd4 O-O 7. Nc3 Re8 8. Nxc6 dxc6 9. Qf3 Bg4 10. Qg3 Bd6 11. f4 Be6 12. Bxe6 Rxe6 13. e5 Bc5+ 14. Kh1 Nd7 15. Rd1 Qe8 16. Ne4 Rg6 17. Qh3 Rd8 18. Bd2 Rh6 19. Qc3 Qe7 20. f5 Rxh2+ 21. Kxh2 Qh4+ 22. Qh3 Qxe4 23. Re1 Qxc2 24. Qc3 Qxf5 25. Rad1 Re8 26. Qh3 Qxh3+ 27. gxh3 Nxe5 28. Kg2 Bd6 29. Bf4 Re6 30. Bxe5 Kf8 31. Bxd6+ Rxd6 32. Rxd6 cxd6 33. Kf3 d5 34. Kf4 f6 35. h4 Kf7 36. Kf5 g6+ 37. Kf4 h6 38. Kg4 b6 39. a3 c5 40. h5 f5+ 41. Kf4 Kf6 42. hxg6 Kxg6 43. Re6+ Kf7 44. Rxh6 1-0

[Event "CAN-op"]
[Site "Edmonton CAN"]
[Date "2005.07.12"]
[Round "5.79"]
[White "Caron, Harvey"]
[Black "Lawson, Bianca"]
[Result "1-0"]
[WhiteElo "1741"]
[BlackElo "1327"]
[PlyCount "112"]
[GameId "2160767910901752"]
[EventDate "2005.07.09"]
[EventType "swiss"]
[EventRounds "10"]
[EventCountry "CAN"]

1. e4 e5 2. Nf3 Nc6 3. d4 f6 4. Bc4 exd4 5. Nxd4 Nge7 6. O-O d6 7. Nc3 Nxd4 8. Qxd4 Nc6 9. Qe3 Ne5 10. Bb3 Bd7 11. f4 Nc6 12. a3 Qc8 13. Bd2 Be6 14. Nd5 Nd8 15. Rae1 c6 16. f5 Bf7 17. Nf4 Bxb3 18. Qxb3 Be7 19. Nh5 Bf8 20. Bf4 Qd7 21. Rd1 Nf7 22. Rf2 O-O-O 23. Rfd2 Ne5 24. Qc3 Qf7 25. Bxe5 fxe5 26. Ng3 Be7 27. b4 g6 28. Qe3 Kb8 29. Qe2 Qf6 30. c4 c5 31. Rd5 Kc7 32. Qb2 b6 33. b5 h5 34. Rf1 g5 35. Qf2 h4 36. Ne2 g4 37. Rd3 Rdg8 38. Qe3 h3 39. g3 Ra8 40. Nc3 Kd7 41. Nd5 Qh6 42. Qxh6 Rxh6 43. a4 Bf6 44. Rfd1 Rd8 45. a5 bxa5 46. Ra3 Kc8 47. Rxa5 Kb7 48. Rda1 Ra8 49. Ne3 Bd8 50. Ra6 Bb6 51. Nxg4 Rh7 52. Nf6 Rf7 53. Nd5 Rff8 54. Nxb6 Rad8 55. Nd5 Ra8 56. b6 Rac8 1-0

[Event "CAN-op"]
[Site "Edmonton CAN"]
[Date "2005.07.12"]
[Round "5.80"]
[White "Dewindt, Cor"]
[Black "Day, Jonathan"]
[Result "0-1"]
[WhiteElo "1414"]
[BlackElo "1741"]
[PlyCount "88"]
[GameId "2160767910901753"]
[EventDate "2005.07.09"]
[EventType "swiss"]
[EventRounds "10"]
[EventCountry "CAN"]

1. Nf3 d5 2. d4 Bf5 3. e3 e6 4. Bd3 Ne7 5. Bxf5 Nxf5 6. O-O Nd7 7. Re1 Nd6 8. Nbd2 f5 9. a4 Qf6 10. b3 Nf7 11. Bb2 g5 12. h3 h5 13. Kf1 g4 14. Ng1 Bd6 15. f4 gxf3 16. Ndxf3 Bb4 17. c3 Bd6 18. Qe2 O-O-O 19. c4 c6 20. c5 Bg3 21. Rec1 f4 22. Rc3 fxe3 23. Rxe3 Rde8 24. b4 Bf4 25. Rb3 e5 26. dxe5 Bxe5 27. Re3 Kd8 28. Re1 Re7 29. b5 Rhe8 30. Qd2 Bxb2 31. Rxe7 Rxe7 32. Rxe7 Kxe7 33. bxc6 bxc6 34. Qa5 Nfe5 35. Qxa7 Bd4 36. Qa5 Bxg1 37. Kxg1 Nxf3+ 38. gxf3 Qxf3 39. Qe1+ Qe4 40. Qg3 Qe6 41. Qf2 Qg6+ 42. Kh2 Kd8 43. a5 Qf6 44. Qg3 Qe5 0-1

[Event "CAN-op"]
[Site "Edmonton CAN"]
[Date "2005.07.12"]
[Round "5.81"]
[White "Boot, Steven"]
[Black "Sagert, David"]
[Result "1-0"]
[WhiteElo "1382"]
[BlackElo "1810"]
[PlyCount "41"]
[GameId "2160767910901754"]
[EventDate "2005.07.09"]
[EventType "swiss"]
[EventRounds "10"]
[EventCountry "CAN"]

1. e4 d6 2. d4 Nf6 3. Nc3 g6 4. f4 c5 5. dxc5 Qa5 6. cxd6 Nxe4 7. Qd3 Nxd6 8. Qd4 e5 9. Qxe5+ Qxe5+ 10. fxe5 Nf5 11. Nd5 Kd8 12. Bb5 a6 13. Bg5+ Ne7 14. O-O-O Nd7 15. Bxd7 Kxd7 16. Nb6+ Ke6 17. Nxa8 f6 18. Bxf6 Bh6+ 19. Kb1 Re8 20. Nc7+ Kf7 21. Nxe8 1-0

[Event "CAN-op"]
[Site "Edmonton CAN"]
[Date "2005.07.12"]
[Round "5.82"]
[White "Panteluk, Steven"]
[Black "Geley, Shawn"]
[Result "1-0"]
[WhiteElo "1773"]
[BlackElo "1522"]
[PlyCount "87"]
[GameId "2160767910901755"]
[EventDate "2005.07.09"]
[EventType "swiss"]
[EventRounds "10"]
[EventCountry "CAN"]

1. d4 g6 2. g3 Bg7 3. Bg2 c5 4. Nf3 cxd4 5. Nxd4 Nc6 6. c3 Nf6 7. O-O O-O 8. b4 a6 9. Bb2 Ne5 10. Nd2 d6 11. Qb3 Qc7 12. Rac1 Bg4 13. f3 Bd7 14. c4 Qd8 15. Rfd1 e6 16. c5 Bc6 17. Nxc6 Nxc6 18. cxd6 Qxd6 19. Ne4 Qe7 20. Nc5 Rfd8 21. Rxd8+ Rxd8 22. f4 Nd5 23. Bxg7 Kxg7 24. a3 h5 25. Rd1 h4 26. e4 Nf6 27. e5 Ng4 28. Bxc6 bxc6 29. h3 Nh6 30. g4 a5 31. Rxd8 Qxd8 32. Qd3 Qc7 33. Qd7 Qb8 34. Nxe6+ Kh7 35. Ng5+ Kg7 36. Qxc6 axb4 37. axb4 Qxb4 38. Qf3 Qe1+ 39. Kg2 Qd2+ 40. Qf2 Qd5+ 41. Kh2 Qd1 42. Nf3 f6 43. exf6+ Kxf6 44. g5+ 1-0

[Event "CAN-op"]
[Site "Edmonton CAN"]
[Date "2005.07.12"]
[Round "5.84"]
[White "Masson, Richard"]
[Black "Lyall, David"]
[Result "1-0"]
[WhiteElo "1712"]
[BlackElo "1477"]
[PlyCount "41"]
[GameId "2160767910901756"]
[EventDate "2005.07.09"]
[EventType "swiss"]
[EventRounds "10"]
[EventCountry "CAN"]

1. e4 d6 2. Nf3 Nf6 3. Nc3 g6 4. d3 Bg7 5. g3 O-O 6. Bg2 c5 7. h3 Nc6 8. Nh2 Nd7 9. f4 Bd4 10. Nf3 Qa5 11. Bd2 Qb6 12. Nxd4 Nxd4 13. Rb1 e6 14. O-O Nb5 15. Ne2 e5 16. g4 c4+ 17. Kh1 cxd3 18. cxd3 Nf6 19. f5 gxf5 20. gxf5 Nh5 21. Bf3 1-0